logo

Bir Sreshtho Munshi Abdur Rouf Library
Jhenaidah Cadet College

Outwitting The Devil / (Record no. 1898)

MARC details
000 -LEADER
fixed length control field 00581nam a2200229 a 4500
001 - CONTROL NUMBER
JCCL Control Number 1898
003 - CONTROL NUMBER IDENTIFIER
JCCL marc code BD-JhCC
005 - DATE AND TIME OF LATEST TRANSACTION
control field 20220602134022.0
008 - FIXED-LENGTH DATA ELEMENTS--GENERAL INFORMATION
fixed length control field 171026s2011 nyu |||| || | 001 0 eng d
020 ## - INTERNATIONAL STANDARD BOOK NUMBER
International Standard Book Number 9781402784538
035 ## - SYSTEM CONTROL NUMBER
system control number (BD-JhCC)1898
040 ## - CATALOGING SOURCE
Original cataloging agency BD-JhCC
Modifying agency BD-JhCC
041 ## - LANGUAGE CODE
Language code of Book eng
082 ## - DEWEY DECIMAL CLASSIFICATION NUMBER
Classification number 158.1
Author mark and Year HIL 2011
100 ## - MAIN ENTRY--PERSONAL NAME
Personal name Hill, Napoleon
245 ## - TITLE STATEMENT
Title Outwitting The Devil /
Statement of responsibility, etc Napoleon Hill,
260 ## - PUBLICATION, DISTRIBUTION, ETC. (IMPRINT)
Place of publication, distribution, etc New York :
Name of publisher, distributor, etc SterlingPublishing,
Date of publication, distribution, etc 2011
300 ## - PHYSICAL DESCRIPTION
Pagination 269 p. :
Dimensions 22 cm.
650 ## - SUBJECT ADDED ENTRY--TOPICAL TERM
Topical term or geographic name as entry element Psychological aspects
942 ## - ADDED ENTRY ELEMENTS (KOHA)
Source of classification or shelving scheme Dewey Decimal Classification
Koha item type Books
Koha issues (borrowed), all copies 5
Holdings
Source of classification or shelving scheme Damaged status Not for loan Home library Current library Shelving location Date of accession Total Checkouts Full call number Barcode Date last seen Date checked out Copy number Koha item type
Dewey Decimal Classification     JCC Rouf Library JCC Rouf Library General Stacks 06/15/2023 5 158.1 HIL 2011 3375 06/15/2023 06/02/2022 C-1 Books

JCC Library | Contacts | JCC Home

Last Update on 23 September 2017
Copyright @ 2017-2020 JCC Rouf Library
Rouf Library, Jhenidah Cadet College (JCC), Bangladesh